Q and A (Record no. 83908)
[ view plain ]
| 000 -LEADER | |
|---|---|
| fixed length control field | 00720cab a22001935a 4500 |
| 001 - CONTROL NUMBER | |
| control field | L155718 |
| 008 - FIXED-LENGTH DATA ELEMENTS--GENERAL INFORMATION | |
| fixed length control field | 120410s2012 xxk 000 0 eng d |
| 035 ## - SYSTEM CONTROL NUMBER | |
| System control number | (Sirsi) u155718 |
| 041 0# - LANGUAGE CODE | |
| Language code of text/sound track or separate title | eng |
| 100 1# - MAIN ENTRY--PERSONAL NAME | |
| Personal name | Gilbert, Dellah |
| 245 00 - TITLE STATEMENT | |
| Title | Q and A |
| Remainder of title | differences between experts and arbitrators |
| 260 ## - PUBLICATION, DISTRIBUTION, ETC. | |
| Date of publication, distribution, etc. | 2012 |
| 490 #0 - SERIES STATEMENT | |
| Series statement | Hogan Lovells Real Estate Quarterly |
| Volume/sequential designation | Spring 2012, 20(1) |
| 520 ## - SUMMARY, ETC. | |
| Summary, etc. | Rent review provisions in leases often allow landlords to refer any dispute to an arbitrator or an expert. A table sets out the main differences between arbitrator and expert to facilitate the choice in cases. |
| 590 ## - LOCAL NOTE (RLIN) | |
| Local note | KA |
| 651 #4 - SUBJECT ADDED ENTRY--GEOGRAPHIC NAME | |
| Geographic name | England and Wales |
| Chronological subdivision | 1543- |
| 690 ## - LOCAL SUBJECT ADDED ENTRY--TOPICAL TERM (OCLC, RLIN) | |
| Topical term or geographic name as entry element | Dispute resolution |
| 9 (RLIN) | 6236 |
| 942 ## - ADDED ENTRY ELEMENTS (KOHA) | |
| Suppress in OPAC | 0 |
| Withdrawn status | Lost status | Source of classification or shelving scheme | Damaged status | Not for loan | Home library | Current library | Shelving location | Date acquired | Total Checkouts | Full call number | Barcode | Date last seen | Price effective from | Koha item type |
|---|---|---|---|---|---|---|---|---|---|---|---|---|---|---|
| Dewey Decimal Classification | London | London | Journal article | 09/04/2012 | L155718 | 155718-1001 | 06/08/2019 | 06/08/2019 | Journal article |